Načítá se...
Studies in Indian coins
| Další autoři: | |
|---|---|
| Médium: | Printed Book |
| Vydáno: |
Varanasi
Motilal Banarsidaas
.
|
| Témata: |
| LEADER | 00422cam a2200133ua 4500 | ||
|---|---|---|---|
| 082 | |a 737.495 4 |b STU | ||
| 245 | 1 | 0 | |a Studies in Indian coins |
| 260 | |a Varanasi |b Motilal Banarsidaas |c . | ||
| 300 | |a xii, 405p. + xxvi plates | ||
| 650 | |a Numismatics- India | ||
| 700 | 0 | 2 | |a Sircar, D.C |
| 942 | |c BK | ||
| 999 | |c 9763 |d 9763 | ||
| 952 | |0 0 |1 0 |4 0 |6 737_495000000000000_4_STU |7 0 |9 10176 |a KUCL |b KUCL |d 2014-05-23 |l 0 |o 737.495 4 STU |p 03100 |r 2014-05-23 |y BK | ||